000 00630nmc a2200253 a 4500
003 AR-BaBNM
005 20251128211341.0
008 094020s1999 ||||||||||||||000 | spa||
020 _a950-24-0844-6
040 _cAR-BaBNM
100 1 _aMoses, Brian
245 1 0 _a¡No es justo!
260 _aBuenos Aires
_bAlbatros
_c1999
300 _a31 p.
_bil.
490 0 _aMis sentimientos
_vv. 3
650 4 _aLITERATURA INFANTIL
650 4 _aLIBROS PARA NINOS
650 4 _aSENTIMIENTOS
653 _aEDUCACION EN VALORES
655 _aLITERATURA
700 1 _aGordon, Mike
_eilustrador
942 _cBK
998 _cmartin
999 _c19283
_d19283